Name the Paldea Pokémon in Order - Statistics

General Stats
  • This quiz has been taken 202 times
    38 since last reset
  • The average score is 51 of 120
Answer Stats
Hint Answer % Correct
#907 Floragato
100%
#909 Fuecoco
100%
#908 Meowscarada
100%
#906 Sprigatito
100%
#910 Crocalor
88%
#915 Lechonk
88%
#916 Oinkologne
88%
#914 Quaquaval
88%
#912 Quaxly
88%
#913 Quaxwell
88%
#911 Skeledirge
88%
#917 Tarountula
88%
#920 Lokix
75%
#919 Nymble
75%
#921 Pawmi
75%
#922 Pawmo
75%
#923 Pawmot
75%
#918 Spidops
75%
#925 Maushold
63%
#924 Tandemaus
63%
#936 Armarouge
50%
#939 Bellibolt
50%
#947 Brambleghast
50%
#946 Bramblin
50%
#937 Ceruledge
50%
#935 Charcadet
50%
#927 Dachsbun
50%
#926 Fidough
50%
#934 Garganacl
50%
#945 Grafaiai
50%
#941 Kilowattrel
50%
#950 Klawf
50%
#943 Mabosstiff
50%
#942 Maschiff
50%
#932 Nacli
50%
#933 Naclstack
50%
#944 Shroodle
50%
#931 Squawkabilly
50%
#938 Tadbulb
50%
#940 Wattrel
50%
#960 Wiglett
50%
#961 Wugtrio
50%
#930 Arboliva
38%
#997 Arctibax
38%
#998 Baxcalibur
38%
#951 Capsakid
38%
#929 Dolliv
38%
#956 Espathra
38%
#955 Flittle
38%
#996 Frigibax
38%
#1000 Gholdengo
38%
#999 Gimmighoul
38%
#1010 Iron Leaves
38%
#1006 Iron Valiant
38%
#1007 Koraidon
38%
#1008 Miraidon
38%
#968 Orthworm
38%
#1025 Pecharunt
38%
#954 Rabsca
38%
#953 Rellor
38%
#1005 Roaring Moon
38%
#952 Scovillain
38%
#928 Smoliv
38%
#957 Tinkatink
38%
#959 Tinkaton
38%
#958 Tinkatuff
38%
#948 Toedscool
38%
#949 Toedscruel
38%
#1009 Walking Wake
38%
#979 Annihilape
25%
#1018 Archaludon
25%
#962 Bombirdier
25%
#986 Brute Bonnet
25%
#975 Cetitan
25%
#974 Cetoddle
25%
#1002 Chien-Pao
25%
#1004 Chi-Yu
25%
#980 Clodsire
25%
#967 Cyclizar
25%
#1011 Dipplin
25%
#977 Dondozo
25%
#982 Dudunsparce
25%
#981 Farigiraf
25%
#1016 Fezandipiti
25%
#963 Finizen
25%
#973 Flamigo
25%
#987 Flutter Mane
25%
#969 Glimmet
25%
#970 Glimmora
25%
#1020 Gouging Fire
25%
#984 Great Tusk
25%
#971 Greavard
25%
#972 Houndstone
25%
#1019 Hydrapple
25%
#1022 Iron Boulder
25%
#991 Iron Bundle
25%
#1023 Iron Crown
25%
#992 Iron Hands
25%
#993 Iron Jugulis
25%
#994 Iron Moth
25%
#995 Iron Thorns
25%
#990 Iron Treads
25%
#983 Kingambit
25%
#1015 Munkidori
25%
#1017 Ogerpon
25%
#1014 Okidogi
25%
#964 Palafin
25%
#1012 Poltchageist
25%
#1021 Raging Bolt
25%
#966 Revavroom
25%
#989 Sandy Shocks
25%
#985 Screamtail
25%
#1013 Sinistcha
25%
#988 Slither Wing
25%
#978 Tatsugiri
25%
#1024 Terapagos
25%
#1003 Ting-Lu
25%
#965 Varoom
25%
#976 Veluza
25%
#1001 Wo-Chien
25%
No matching quizzes found
Score Distribution
Percent of People with Each Score
Percentile by Number Answered
Your Score History
You have not taken this quiz since the last reset